| 000 | 00921 a2200253 4500 | ||
|---|---|---|---|
| 005 | 20080911143730.0 | ||
| 008 | 080911t xxu||||| |||| 00| 0 eng d | ||
| 010 | _aENG-91429 | ||
| 020 |
_c250.00 _a9788120335714 |
||
| 035 | _aEN-74962 | ||
| 037 | _bDBAD / PUB | ||
| 040 |
_adpl _bEnglish |
||
| 082 | _a005.5 | ||
| 100 | _aMurray, Katherine | ||
| 245 |
_aMicrosoft office live: _cby Katherine Murray _btake your business online / |
||
| 260 |
_aNew Delhi _bPHI Learning _c2008 |
||
| 270 |
_aM-97, Connaught Circus _bNewDelhi _e110001 |
||
| 300 |
_ax, 292 p. _c23 cm. (pbk) |
||
| 500 | _aIncludes index | ||
| 650 | _aMicrosoft Office | ||
| 650 |
_aBusiness _xComputer programs |
||
| 942 |
_adpl _cEN _2ddc _mMUR _h005.5 |
||
| 999 |
_c17208 _d17208 |
||